Najwyżej punktowane polskie miasta w Scrabble - Statystyki

Ogólne statystyki
  • Ten quiz został rozwiązany 1 444 razy
  • Średni wynik to 3 z 11
Statystyki odpowiedzi
Punkty Województwo Miasto % Poprawnych
19 łódzkie Łódź
56%
20 śląskie Częstochowa
54%
24 zachodniopomorskie Świnoujście
54%
29 śląskie Świętochłowice
49%
19 kujawsko-pomorskie Grudziądz
35%
21 łódzkie Bełchatów
34%
19 podlaskie Augustów
25%
20 dolnośląskie Dzierżoniów
17%
19 dolnośląskie Świebodzice
9%
21 mazowieckie Józefów
7%
19 mazowieckie Sulejówek
6%
Nie znaleziono quizów pasujących do podanych kryteriów
Rozkład punktacji
Procent ludzi z każdym wynikiem
Percentyl według liczby udzielonych odpowiedzi
Twoja historia wyników
Nie rozwiązałeś tego quizu